|
|
|
|
| LEADER |
00000nam a2200000 i 4500 |
| 001 |
1/80376 |
| 008 |
960827s1994 gre d |
| 020 |
|
|
|a 960-7233-74-3
|
| 035 |
|
|
|a 1995
|b 1
|c Σκούρτου
|l 10033430
|
| 040 |
|
|
|a GR-MY-UA
|b gre
|e aacr
|
| 041 |
0 |
|
|a gre
|
| 082 |
0 |
|
|a 759.95
|
| 100 |
1 |
|
|a Φωτόπουλος, Διονύσης Δ.,
|d 1943-
|
| 245 |
1 |
0 |
|a Νίκος Χατζηκυριάκος - Γκίκας :
|b φωτογραφικές σημειώσεις /
|c Διονύσης Φωτόπουλος
|
| 246 |
3 |
4 |
|a Ghika φωτογραφικές σημειώσεις
|
| 260 |
|
|
|a Αθήνα :
|b Ικαρος,
|c 1994
|
| 300 |
|
|
|a 138 σ.
|
| 600 |
1 |
0 |
|a Χατζηκυριάκος-Γκίκας, Νικόλαος,
|d 1906-1994.
|
| 650 |
0 |
0 |
|a Painters
|z Greece.
|
| 852 |
|
|
|a INST
|b RHODES
|e 19960827
|h 759.95 ΦΩΤ
|p 005400007126
|q 005400007126
|t BK
|y 0
|
| 909 |
|
|
|a Ρ
|b 040031
|c 1995
|
| 970 |
|
|
|z 2000/06/ΚΑΤΕΡΙΝΑ
|